1560 1989 1585 1252 1891 1046 1713 1098 1463 1283 1952 1366 1078 1057 1392 1333 1499 1563 1726 1423 1618 1113 1468 1246 1937 1009 1903 1012 1624 1714 1839 1968 1369 1420 1344 1711 1313 1294 1036 1712 1070 1861 1095 1955 1945 1735 1715 1120 1232 1178 1384 1539 1714 1478 1373 1723 1911 1416 1457 1726 1038 1184 1163 1837 1845 1972 1905 1926 1343 1369 1593 1159 1675 1510 1947 1533 1696 1738 1021 1253 1589 1094 1735 1111 1424 1794 1572 1520 1530 1379 1265 1461 1630 1820 1773 1517 1297 1855 1632 BCNSPRNW ULIB Ver.6.0+V

เปลี่ยนเป็นภาษาไทย

Change to English
 แสดงรายละเอียดบรรณานุกรม
  กลับหน้าหลัก

Brief Record : Get Marc (ISO 2709) : E-mail record : QR code < ปิดหน้าต่าง
LEADER : 00000nam 2200000uu 4500
001    13399115300
003     ULIB
008    120810s2553||||th 000 0 tha d
020    ^a9789749363560
099    ^aนว.ฮ274บ 2553
100    ^aฮานเยวอน
245    ^aLove you my dear มาเฟียหน้าหวาน/^cฮานเยวอน
250    ^aพิมพ์ครั้งที่ 1
260    ^aกรุงเทพฯ,^blove berry book :^c2553
300    ^a260 หน้า
945    ^p198^l0^i14451
999    ^aกัณชพร
รายการนี้ยังไม่มีแท็ก
คุณยังไม่ได้ล็อกอิน คุณสามารถมีกิจกรรมร่วมกับเว็บไซต์ได้ แต่ต้องล็อกอินก่อน ::
  ล็อกอิน

รายการสื่อสารสนเทศ

ลำดับที่ ประเภท เลขเรียก/บาร์โค้ด สถานที่ สถานะ
1. นวนิยาย
นวนิยาย
นว.ฮ274บ 2553  
  Barcode: 14451
ห้องสมุดวิทยาเขตสวรรค์ประชารักษ์
►นวนิยาย
บนชั้น
  ขอยืม

BibComment


ยังไม่เคยถูกคอมเมนท์

คอมเมนท์ทรัพยากรรายการนี้
  คอมเมนท์: Love you my dear..


 Copyright 2026. Bcnsprnw @Library